000 00597cam a2200193u 4500
001 000003767
003 DO-SdBNP
005 20211112140024.0
008 821227s1966 enk 000 0 eng
040 _aDO-SdBNP
_bspa
_cBNPHU
082 4 _a813.54
_bM478m
_222
100 1 _aMcCullers, Carson,
_d1917-1967.
_911465
245 1 4 _aThe member of the wedding /
_cCarson McCullers.
260 _aN.Y. :
_bBantam Pathfinder Editions,
_c1966.
300 _a153 p. ;
_c18 cm.
650 4 _aLiteratura estadounidense
_ySiglo XX
_910902
650 4 _aNovela estadounidense
_ySiglo XX
_96873
942 _2ddc
_cLBS1
999 _c3589
_d3589